| 000 | 00526nam a2200193Ia 4500 | ||
|---|---|---|---|
| 005 | 20231016093958.0 | ||
| 008 | 131103s9999 xx 000 0 und d | ||
| 040 | _aLoreto College | ||
| 041 | _aEnglish | ||
| 082 |
_a779 _bPOR |
||
| 245 | 2 |
_aA Profolis Of Australian Photography _cedited by Laurence Le Guay |
|
| 260 |
_aSydney _bH.J.Edwards _c[19 - ?] |
||
| 300 |
_axxxi p. _b 70 plates |
||
| 650 | _aPhotography | ||
| 651 | _aAustralian Photography | ||
| 700 | _aGuay,Laurence Le,ed. | ||
| 850 | _aLCLIB | ||
| 942 | _cBK | ||
| 999 |
_c17557 _d68036 |
||